| 000 | 00643nam a2200253 a 4500 | ||
|---|---|---|---|
| 001 | nice12345678 | ||
| 003 | IN_TiNIC | ||
| 005 | 20260116012741.0 | ||
| 008 | 050524s1986 isla grp 000 0 eng | ||
| 020 |
_a _c100 |
||
| 082 | 0 | 0 |
_a297.72016 _bNAY |
| 100 | _aNayeem, Mohd | ||
| 245 | _aMuslim Military History | ||
| 260 |
_aIslambad _bIslamic Research Institute _c1986 |
||
| 300 | _a88p | ||
| 500 | _aincludes index and biblioraphy | ||
| 505 | 2 | _aBibliography, Index | |
| 650 | _aBibliography-Muslim Military | ||
| 650 | _aMuslim Military-History | ||
| 700 | 1 | _aNayeem, Mohd | |
| 902 | _bRHR | ||
| 942 | _cBK | ||
| 999 |
_c8224 _d8224 |
||